| 000 | 00537nam a2200193 i 4500 | ||
|---|---|---|---|
| 001 | bg | ||
| 245 | 0 |
_aKodeks pracy z komentarzem / _cWojciech Muszalski [et al.]. |
|
| 260 |
_aGdańsk : _bOśrodek Doradztwa i Doskonalenia Kadr, _c1997. |
||
| 300 |
_a541 s. ; _c24 cm. |
||
| 650 | 9 |
_aPrawo pracy _zPolska _ystan na 1997 r. |
|
| 700 | 1 | _aMUSZALSKI, Wojciech. | |
| 020 | _a8386514264 | ||
| 040 | _cBPK | ||
| 041 | 0 | _apl | |
| 080 | _a349.2(438) | ||
| 920 | _a83-86514-26-4 | ||
| 942 | _cKS | ||
| 008 | s pl f |000 0 pol | ||
| 999 |
_c31370 _d31370 |
||
| 856 |
_uhttp://koha.tu.koszalin.pl/cgi-bin/koha/opac-detail.pl?biblionumber=31370 _yKatalog online BPK |
||